AH International Schools' Libraries

The sky is full of stars / (Record no. 49419)

MARC details
000 -LEADER
fixed length control field 00886nam a2200241 4500
020 ## - INTERNATIONAL STANDARD BOOK NUMBER
International Standard Book Number 0690041187 :
Terms of availability $8.95
020 ## - INTERNATIONAL STANDARD BOOK NUMBER
International Standard Book Number 0690041225 (Cover)
020 ## - INTERNATIONAL STANDARD BOOK NUMBER
International Standard Book Number 0690041195 (lib. bdg.) :
Terms of availability $8.89
050 00 - LIBRARY OF CONGRESS CALL NUMBER
Classification number QB801.7
Item number .B73 1981
082 00 - DEWEY DECIMAL CLASSIFICATION NUMBER
Classification number 523.8
Edition number 19
100 1# - MAIN ENTRY--PERSONAL NAME
Personal name Branley, Franklyn Mansfield,
Dates associated with a name 1915-2002.
Relator term author.
245 14 - TITLE STATEMENT
Title The sky is full of stars /
Statement of responsibility, etc by Franklyn M. Branley ; illustrated by Felicia Bond.
250 ## - EDITION STATEMENT
Edition statement 1st ed.
260 ## - PUBLICATION, DISTRIBUTION, ETC. (IMPRINT)
Place of publication, distribution, etc New York :
Name of publisher, distributor, etc Crowell,
Date of publication, distribution, etc c1981.
300 ## - PHYSICAL DESCRIPTION
Extent 34 p. :
Other physical details ill. (some col.) ;
Dimensions 21 x 23 cm.
440 ## - SERIES STATEMENT/ADDED ENTRY--TITLE
Title A Let's-read-and-find-out science book
9 (RLIN) 42276
520 ## - SUMMARY, ETC.
Summary, etc Explains how to view stars and ways to locate star pictures, known as constellations, throughout the year.
650 #0 - SUBJECT ADDED ENTRY--TOPICAL TERM
Topical term or geographic name as entry element Stars
General subdivision Juvenile literature.
650 ## - SUBJECT ADDED ENTRY--TOPICAL TERM
Topical term or geographic name as entry element Stars.
650 #1 - SUBJECT ADDED ENTRY--TOPICAL TERM
Topical term or geographic name as entry element Constellations.
9 (RLIN) 42278
700 1# - ADDED ENTRY--PERSONAL NAME
Personal name Bond, Felicia,
Relator term ill.
9 (RLIN) 17683
942 ## - ADDED ENTRY ELEMENTS (KOHA)
Source of classification or shelving scheme
Koha item type Book
Holdings
Withdrawn status Lost status Source of classification or shelving scheme Damaged status Not for loan Home library Current library Date acquired Total Checkouts Full call number Barcode Date last seen Price effective from Koha item type
          Logos International School Logos International School 08/25/2025   J 523.8 BRA 042903 08/25/2025 08/25/2025 Book

For any Logos Library related questions please contact Miss Art at swongnarasuk@asianhope.org.

For any Asian Hope Library related questions please contact Miss Raza at graza@asianhope.org.

Powered by Koha